Thermodynamics, statistical thermodynamics,& Kinetics (Record no. 34776)

MARC details
000 -LEADER
fixed length control field 00489nam a22001817a 4500
005 - DATE AND TIME OF LATEST TRANSACTION
control field 20231206120308.0
008 - FIXED-LENGTH DATA ELEMENTS--GENERAL INFORMATION
fixed length control field 231205b |||||||| |||| 00| 0 eng d
020 ## - INTERNATIONAL STANDARD BOOK NUMBER
ISBN 9788131712849
082 ## - DEWEY DECIMAL CLASSIFICATION NUMBER
Classification number 536.7
Item number ENG
100 ## - MAIN ENTRY--AUTHOR
Author Name Engel; Thomas
245 ## - TITLE STATEMENT
Title Thermodynamics, statistical thermodynamics,& Kinetics
Statement of responsibility, etc. Engel; Thomas, Philip; Reid.
260 ## - PUBLICATION, DISTRIBUTION, ETC.
Place of Publication India
Name of publisher, distributor, etc. Pearson
Date of publication, distribution, etc. 2006
300 ## - PHYSICAL DESCRIPTION
Pages 607
500 ## - GENERAL NOTE
General note Include Index
650 ## - SUBJECT ADDED ENTRY--TOPICAL TERM
Subject / Department Engineering
700 ## - ADDED ENTRY--PERSONAL NAME
Personal name Philip; Reid.
952 ## - LOCATION AND ITEM INFORMATION (KOHA)
-- 0
-- 0
Holdings
Lost status Damaged status Collection code Permanent Location Current Location Shelving Location Date acquired Full Call Number Accession No./Barcode Date last seen item type Koha item type
    Engineering Superior Information Resource Center (SIRC) Superior University- Main Campus Superior Information Resource Center (SIRC) Superior University- Main Campus Mechanical 12/05/2023 536.7 ENG-T 2006 29011 12/05/2023 BOOK BOOK

Powered by Koha